00605nam a2200169Ia 450000500170000000800410001702000180005808200230007610000210009924500350012026000250015530000120018065000100019294200070020299900190020995202070022820250507103039.0231217s9999 xx 000 0 und d a9780070586840 a001.6424SQL VAS;3 aVaswani, Vikram. 0aMySQL : the complete reference c2004bTMHaNew Delhi axx, 540 aMySQL cAA c184899d184899 r2026-02-03 13:57:10l2m1o001.6424SQL VAS;3p57701W25s2026-01-19v393.75w2024-01-26yAA1040708CS00K11L22/10/2013aMLbLDLcCSd2009-12-23eSapna Book Houseg525.00ECSGRSF1V131.25URupees